000 00775cam a22002411 4500
001 sa 68001270
003 DLC
005 20260227112432.0
008 710903s1958 io ac 00010 eng
010 _asa 68001270 //r932
025 _aPL480:Indo-3807
040 _aDLC
_cDLC
_dDLC
043 _aa-io---
050 0 0 _aJQ763
_b 1958.S76
100 1 0 _aSoekarno,
_d1901-1970.
245 1 4 _aThe birth of Pantjasila;
_ban outline of the five principles of the Indonesian State:
_cPresident Soekarno's speech.
250 _a[3d ed.
260 0 _aDjakarta]
_bMinistry of Information
_c[1958]
300 _a32 p.
_bcol. illus., port.
_c22 cm.
651 0 _aIndonesia
_xPolitics and government
_y1950-1966.
650 0 _aPancasila.
710 1 0 _aIndonesia.
_bDepartemen Penerangan.
999 _c77848
_d77848